000 00465nam a2200157 i 4500
001 23557
003 ES-MaACL
007 t|
008 021211s1966 sp ||||1| spa d
100 1 _aAllport, Gordon W.
_920055
245 1 3 _aLa personalidad... /
_cGordon W. Allport ; [versión castellana de Ismael Antich].
260 _aBarcelona :
_bHerder,
_c1966.
300 _a691 p. ;
_c25 cm.
700 1 _aAntich, Ismael.
_921892
852 _aES-MaACL
_jG-5106
_bR.60653
999 _c23557
_d23557